Normal view
MARC view
- Galford, Robert M,
Entry Personal Name
001 - CONTROL NUMBER
- control field: 12406
003 - CONTROL NUMBER IDENTIFIER
- control field: NUST
005 - DATE AND TIME OF LATEST TRANSACTION
- control field: 20181030111519.0
008 - FIXED-LENGTH DATA ELEMENTS
- fixed length control field: 181030|| aca||aabn | a|a d
040 ## - CATALOGING SOURCE
- Original cataloging agency: NUST
- Transcribing agency: NUST
100 ## - HEADING--PERSONAL NAME
- Personal name: Galford, Robert M,
- Dates associated with a name: 1952-
670 ## - SOURCE DATA FOUND
- Source citation: Work cat.: (NUST)0: Maister, David H. 12403, The trusted advisor /, 2000.
